000 00556nam a2200181Ia 4500
999 _c32143
_d32143
003 OSt
005 20200727110644.0
008 190216s9999||||xx |||||||||||||| ||und||
020 _a9788183189699
040 _coclc
082 _a512.5
_bDAS/F
100 _aDash, Rajani Ballav
_93767
245 0 _aFundamentals Of Linear Algebra /
_cRajani Ballav Dash ; Dhirendra Kumar Dalai
260 _bHimalaya Publishing House,
_aMumbai:
_c2008.
300 _a376p
650 _aMathematics
942 _cBK
_2ddc
_h512.5
_iDAS/F
_k512.5
_mDAS/F